Kế toán chi phí ( Theo hệ thống kế toán Mỹ ) = Cost accounting

Saved in:
Bibliographic Details
Main Author: Nathan S Slavin
Format: Book
Language:Undetermined
Published: Hà Nội Thống Kê 1994
Subjects:
Tags: Add Tag
No Tags, Be the first to tag this record!
Institutions: Trung tâm Học liệu Trường Đại học Cần Thơ
LEADER 00589nam a2200181Ia 4500
001 CTU_41492
008 210402s9999 xx 000 0 und d
082 |a 657.42 
082 |b S631/1994 
100 |a Nathan S Slavin 
245 0 |a Kế toán chi phí ( Theo hệ thống kế toán Mỹ ) 
245 0 |b = Cost accounting 
245 0 |c Nathan S Slavin; Dịch giả: Đặng Kim Cương 
260 |a Hà Nội 
260 |b Thống Kê 
260 |c 1994 
650 |a cost accounting,managerial economics 
980 |a Trung tâm Học liệu Trường Đại học Cần Thơ